00710nam a2200241 a 4500001001300000003000900013005001700022008004100039020001000080082001900090100002100109245001600130260005000146300000800196500003500204505002500239650003400264700002100298902000800319942000700327952011900334999001500453nice12345678IN_TiNIC20260116011819.0050524s1968 hyda grp 000 0 urd  ac10000a891.4391bREH2 aRehani, Lucknawi aRang-E-Zaar aHyderabadbNational Fine Printing Pressc1968 a72p aincludes index and biblioraphy2 aNotes and foot notes aReligious-Poetry Christianity1 aRehani, Lucknawi bSRS cBK 001040708StackRoom-aHMIbHMId2007-06-25g100.00l0o891.4391 REH2p07370r2007-06-25v100.00w2005-05-24yBK c4150d4150